|
|
|
|
| LEADER |
01122nam a2200265 a 4500 |
| 001 |
7052833 |
| 008 |
090908s2005 enka sbf 001 0 eng d |
| 010 |
|
|
|a 82905985
|
| 020 |
|
|
|a 0335214428
|
| 020 |
|
|
|a 0335214436
|
| 040 |
|
|
|a CaPaEBR
|c CaPaEBR
|
| 082 |
0 |
4 |
|a 378.155
|2 22
|
| 100 |
1 |
|
|a Pearce, Lynne.
|
| 245 |
0 |
0 |
|a How to examine a thesis /
|c Lynne Pearce.
|
| 260 |
|
|
|a Maidenhead, Berkshire, England :
|b Society for Research in Higher Education,
|c 2005
|
| 300 |
|
|
|a ix, 119 p. :
|b ill. ;
|c 23 cm.
|
| 490 |
1 |
|
|a The Society for research into higher education.
|
| 504 |
|
|
|a Includes bibliographical references (p. 114-116) and index.
|
| 541 |
1 |
|
|e 00013939
|
| 650 |
|
0 |
|a Universities and colleges
|x Graduate work.
|x Examinations
|v Handbooks, manuals, etc.
|
| 650 |
|
0 |
|a Universities and colleges
|z Great Britain.
|x Graduate work.
|
| 650 |
|
0 |
|a Education, Higher
|x Study and teaching.
|
| 852 |
4 |
|
|a Ayesha Abed Library
|j General shelf
|
| 999 |
|
|
|c 3945
|d 3945
|
| 952 |
|
|
|0 0
|1 0
|2 ddc
|4 0
|6 378_155000000000000_PEA_2005
|7 0
|9 3630
|a BRACUL
|b BRACUL
|c GEN
|d 2009-09-16
|l 3
|m 22
|o 378.155 PEA
|p 3010013939
|r 2026-04-05
|s 2025-07-22
|t 1
|w 2009-09-16
|y BK
|